<?xml version="1.0" encoding="UTF-8"?>
<marc:record xmlns:marc="http://www.loc.gov/MARC21/slim">
   <marc:leader>00000nam a2200000 a 4500</marc:leader>
   <marc:datafield ind1="1" ind2=" " tag="100">
      <marc:subfield code="a">Schettler, Heike</marc:subfield>
      <marc:subfield code="4">aut</marc:subfield>
      <marc:subfield code="e">Verfasser/-in</marc:subfield>
   </marc:datafield>
   <marc:datafield ind1=" " ind2=" " tag="653">
      <marc:subfield code="a">Magnetismus</marc:subfield>
   </marc:datafield>
   <marc:datafield ind1=" " ind2=" " tag="653">
      <marc:subfield code="a">Energiequellen</marc:subfield>
   </marc:datafield>
   <marc:datafield ind1=" " ind2=" " tag="653">
      <marc:subfield code="a">Experimente</marc:subfield>
   </marc:datafield>
   <marc:datafield ind1=" " ind2=" " tag="653">
      <marc:subfield code="a">Physik</marc:subfield>
   </marc:datafield>
   <marc:datafield ind1=" " ind2=" " tag="653">
      <marc:subfield code="a">Luft</marc:subfield>
   </marc:datafield>
   <marc:datafield ind1=" " ind2=" " tag="653">
      <marc:subfield code="a">Elektrizität</marc:subfield>
   </marc:datafield>
   <marc:datafield ind1=" " ind2=" " tag="653">
      <marc:subfield code="a">Naturkatastrophen</marc:subfield>
   </marc:datafield>
   <marc:datafield ind1=" " ind2=" " tag="653">
      <marc:subfield code="a">Wasser</marc:subfield>
   </marc:datafield>
   <marc:datafield ind1=" " ind2=" " tag="653">
      <marc:subfield code="a">Antolin Klasse-4</marc:subfield>
   </marc:datafield>
   <marc:datafield ind1="0" ind2="0" tag="245">
      <marc:subfield code="a">Das große Forscherbuch für Grundschulkinder</marc:subfield>
   </marc:datafield>
   <marc:datafield ind1="0" ind2="0" tag="245">
      <marc:subfield code="b">spannende Experimente zum Entdecken und Verstehen der Naturwissenschaften</marc:subfield>
   </marc:datafield>
   <marc:datafield ind1=" " ind2="1" tag="264">
      <marc:subfield code="b">Arena</marc:subfield>
      <marc:subfield code="c">2018</marc:subfield>
   </marc:datafield>
   <marc:datafield ind1="1" ind2=" " tag="520">
      <marc:subfield code="a">Ein Buch zum aktiven Lernen durch Entdecken und Experimentieren - nicht nur für Grundschulkinder. (ab 6) (JN) Wasser, Luft, Elektrizität, Magnetismus, Energie, Naturgewalten - das sind die sechs Entdeckerthemen des "Großen Forscherbuches für Grundschulkinder", das nun als aktualisierte und erweiterte Neuausgabe vorliegt. Zu jedem Themenfeld gibt es zentrale Fragen, zum Beispiel "Warum gibt es Ebbe und Flut?" und "Wie wird aus Wind Strom?". Den Antworten können die LeserInnen durch angeleitete, einfache Experimente selbst auf die Spur kommen. Ergänzt werden die Kapitel durch Infokästen mit Fakten zum Staunen, für Eltern und zum Spielen sowie immer wieder Kapiteln zum Weiterlesen für alle, die auch nach den Experimenten noch Wissensdurst übrig haben. Die Komplexität der Themen steigt im Laufe des Buches leicht an, so dass es Sinn macht, es von vorn bis hinten durchzuarbeiten. Die einzelnen Kapitel stehen aber inhaltlich für sich, können also auch nach Interesse ausgewählt werden. In den Texten werden die LeserInnen direkt angesprochen. Die übersichtliche Aufmachung, Fotos, erklärende Zeichnungen sowie altersgerechte Illustrationen erleichtern den Zugang zu den Themen und sorgen für einen hohen Unterhaltungswert. Auch wenn das Buch sich an Grundschulkinder richtet: Auch Erwachsene haben hier viele Chancen auf Aha-Erlebnisse. Unbedingt empfehlenswert!</marc:subfield>
   </marc:datafield>
   <marc:datafield ind1=" " ind2=" " tag="020">
      <marc:subfield code="a">9783401713212</marc:subfield>
      <marc:subfield code="9">9783401713212</marc:subfield>
   </marc:datafield>
</marc:record>
